[Event "Challenge"]
[Site "http://www.queenalice.com/game.php?id=735545"]
[Date "2010.2.21"]
[Round "-"]
[White "LKap"]
[Black "Wise_swc"]
[Result "1-0"]
[WhiteElo "1611"]
[BlackElo "1479"]

1. e3 d5 2. Nc3 c6 3. d4 g6 4. f4 h5 5. h3 Nf6 6. Bd3 a6 7. Nf3 Bg7 8. Ne5 O-O
9. a3 b5 10. O-O Nbd7 11. Nxc6 Qc7 12. Nxe7+ Kh7 13. Nexd5 Nxd5 14. Nxd5 Qd8 15.
f5 Nb6 16. fxg6+ fxg6 17. Rxf8 Bxf8 18. Nxb6 Qxb6 19. Qf3 Bb7 20. Qf7+ Bg7 21.
a4 Rf8 22. Qd7 Qa7 23. Be4 Rb8 24. axb5 Qa8 25. Bxb7 Rxb7 26. Qc6 Qb8 27. bxa6
Rc7 28. a7 Rxa7 29. Rxa7 Qxa7 30. Qf3 Qc7 31. c3 Qa7 32. Qd1 Bf6 33. Qf1 Qa1 34.
g3 Bd8 35. Kg2 Qa8+ 36. Qf3 Qb8 37. Qf7+ Kh8 38. Qxg6 Qb5 39. e4 Qe2+ 40. Kg1
Qe1+ 41. Kg2 Qxc1 42. Qxh5+ Kg7 43. Qe5+ Kf8 44. Qb8 Qc2+ 45. Kf3 1-0

[Event "Challenge"]
[Site "http://www.queenalice.com/game.php?id=736230"]
[Date "2010.2.22"]
[Round "-"]
[White "colatina"]
[Black "Wise_swc"]
[Result "1-0"]
[WhiteElo "1610"]
[BlackElo "1551"]

1. e4 e5 2. c3 d6 3. d4 exd4 4. cxd4 c6 5. Nf3 f6 6. e5 Nd7 7. Bc4 d5 8. Bd3 b5
9. Qe2 Be7 10. e6 Nb6 11. Qc2 Qd6 12. O-O Bxe6 13. Nbd2 g5 14. Bf5 Kf7 15. Bxe6+
Qxe6 16. Re1 Qd6 17. b3 Bd8 18. a4 Bc7 19. Ba3 Qd7 20. Re2 h5 21. Rae1 Bd6 22.
Bxd6 Qxd6 23. Nxg5+ fxg5 24. Qf5+ Nf6 25. Re7+ Qxe7 26. Rxe7+ Kxe7 27. Qe5+ Kf7
28. Qc7+ Nfd7 29. Qxc6 bxa4 30. bxa4 Nf6 31. Nf3 Rac8 32. Ne5+ Kg7 33. Qb7+ Kg8
34. Qf7# 1-0

[Event "AUTO-INT-1620"]
[Site "http://www.queenalice.com/game.php?id=736409"]
[Date "2010.2.23"]
[Round "1"]
[White "REDWOLF"]
[Black "Wise_swc"]
[Result "1-0"]
[WhiteElo "1415"]
[BlackElo "1498"]

1. e4 Nc6 2. d4 d5 3. e5 f6 4. exf6 gxf6 5. Qh5+ Kd7 6. Qxd5+ Ke8 7. Bc4 Qxd5 8.
Bxd5 Nxd4 9. Na3 e6 10. Bc4 Bxa3 11. Bd3 Bd6 12. Ne2 Nxe2 13. Bxe2 a6 14. O-O
Bd7 15. f4 Bc6 16. f5 e5 17. Be3 h5 18. Rad1 h4 19. h3 Rd8 20. a3 Bb5 21. Bxb5+
axb5 22. Rd5 Ne7 23. Rxb5 b6 24. b4 Ra8 25. Bc1 Rh5 26. c4 Nxf5 27. c5 bxc5 28.
bxc5 Bf8 29. Bd2 Rxa3 30. Bb4 Rb3 31. Rb8+ Kf7 32. Rc8 Rxb4 33. Rxc7+ Kg6 34.
Rd1 1-0

[Event "AUTO-INT-1620"]
[Site "http://www.queenalice.com/game.php?id=736410"]
[Date "2010.2.23"]
[Round "1"]
[White "Wise_swc"]
[Black "REDWOLF"]
[Result "0-1"]
[WhiteElo "1499"]
[BlackElo "1393"]

1. d4 e6 2. e3 Nf6 3. f3 d5 4. b3 Bd6 5. Bb2 O-O 6. Nd2 Nc6 7. Rc1 e5 8. dxe5
Bxe5 9. Bxe5 Nxe5 10. h3 d4 11. f4 dxe3 12. fxe5 exd2+ 13. Qxd2 Qxd2+ 14. Kxd2
Ne4+ 15. Ke3 Bf5 16. Bd3 Ng3 17. Rh2 Bxd3 18. cxd3 Rfe8 19. d4 c6 20. Ne2 Nf5+
21. Kd2 Rad8 22. Kc3 f6 23. g4 Ne3 24. exf6 Nd5+ 25. Kb2 Nxf6 26. g5 Nd5 27. h4
Re3 28. a4 Nb4 29. h5 Nd3+ 30. Kb1 Nxc1 31. Kxc1 Rxb3 0-1

[Event "AUTO-INT-1620"]
[Site "http://www.queenalice.com/game.php?id=736426"]
[Date "2010.2.23"]
[Round "1"]
[White "Wise_swc"]
[Black "Panzer85"]
[Result "0-1"]
[WhiteElo "1559"]
[BlackElo "1698"]

1. d4 d5 2. e3 Nf6 3. f3 e6 4. a3 Nc6 5. c4 Be7 6. cxd5 Nxd5 7. Qc2 O-O 8. Bd3
g6 9. g4 Bh4+ 10. Kd1 Re8 11. Nh3 e5 12. Nc3 exd4 13. exd4 Re3 14. Nxd5 Qxd5 15.
Bxe3 Qxf3+ 16. Kd2 Qxh3 17. Qc3 Bxg4 18. d5 Bf3 19. Bf1 Bg2 20. Bxg2 Qxg2+ 21.
Kd3 Rd8 22. Kc4 Qxd5# 0-1

[Event "AUTO-INT-1620"]
[Site "http://www.queenalice.com/game.php?id=736437"]
[Date "2010.2.23"]
[Round "1"]
[White "Wise_swc"]
[Black "Loro"]
[Result "0-1"]
[WhiteElo "1523"]
[BlackElo "1546"]

1. d4 d5 2. e3 g6 3. Bd3 Bg7 4. b3 Nc6 5. Bb2 e5 6. dxe5 Nxe5 7. c3 Nf6 8. Qe2
O-O 9. Na3 c6 10. Rd1 a5 11. h4 Nh5 12. g3 Bg4 13. f3 Nxg3 14. Qg2 Nxh1 15. Qxh1
Bh5 16. c4 Nxf3+ 17. Nxf3 Bxb2 18. cxd5 Bxa3 19. dxc6 bxc6 20. Bxg6 Bb4+ 21. Ke2
Bxf3+ 22. Qxf3 fxg6 23. Rxd8 Raxd8 24. Qxc6 Rd2+ 0-1

[Event "Challenge"]
[Site "http://www.queenalice.com/game.php?id=736819"]
[Date "2010.2.24"]
[Round "-"]
[White "Wise_swc"]
[Black "arkadiusz42"]
[Result "0-1"]
[WhiteElo "1515"]
[BlackElo "1577"]

1. d4 e6 2. e4 Nf6 3. e5 Nd5 4. Bd3 Be7 5. a3 c5 6. Nc3 Qa5 7. Bd2 Qb6 8. Nxd5
exd5 9. dxc5 Bxc5 10. f4 Bxg1 11. Qe2 Qxb2 12. Rc1 Bd4 13. c3 Bc5 14. Rb1 Qxa3
15. Be3 Na6 16. Bxc5 Nxc5 17. O-O O-O 18. f5 Nb3 19. Qb2 Qxb2 20. Rxb2 Nc5 21.
Be2 Re8 0-1

[Event "Challenge"]
[Site "http://www.queenalice.com/game.php?id=738099"]
[Date "2010.2.26"]
[Round "-"]
[White "Wise_swc"]
[Black "Raxtlon"]
[Result "0-1"]
[WhiteElo "1506"]
[BlackElo "1362"]

1. d4 d5 2. e3 Nc6 3. g3 e5 4. dxe5 Nxe5 5. Bg2 Be6 6. a3 Qd7 7. Bd2 O-O-O 8. b4
b6 9. Ne2 Nf6 10. h3 h5 11. Nd4 c5 12. bxc5 Bxc5 13. Nxe6 Qxe6 14. Bb4 Bxb4+ 15.
axb4 Qe7 16. Nc3 Qxb4 17. Qd2 a5 18. O-O d4 19. Rfb1 Qxc3 20. Qxc3+ dxc3 21.
Rxb6 Nfd7 22. Rb7 Rh6 23. Rxa5 Nc6 24. Bxc6 Rxc6 25. Rbb5 Rb6 26. Rxh5 Rb2 27.
Rh4 Nb6 28. Rc5+ Kd7 29. Rxc3 Rc8 30. Rd3+ Ke7 31. Rdd4 Rbxc2 32. Rdg4 g6 33.
Kg2 R2c4 34. f4 Nd5 35. f5 Nxe3+ 36. Kf3 Nxg4 37. hxg4 gxf5 38. Rh2 fxg4+ 39.
Ke3 Rc3+ 40. Kf2 Rc2+ 41. Kg1 Rc1+ 0-1

[Event "Challenge"]
[Site "http://www.queenalice.com/game.php?id=738277"]
[Date "2010.2.27"]
[Round "-"]
[White "Wise_swc"]
[Black "n90203"]
[Result "1-0"]
[WhiteElo "1500"]
[BlackElo "1476"]

1. d4 Nc6 2. e3 Nh6 3. a3 d6 4. h3 e5 5. d5 Ne7 6. c4 c6 7. dxc6 Nxc6 8. Bd2 a5
9. a4 Nf5 10. g4 Nh4 11. Nf3 Ng6 12. Nc3 Be7 13. Nh2 f5 14. Be2 fxg4 15. Bxg4
Nb4 16. Nd5 Nxd5 17. cxd5 h5 18. Be6 Nh4 19. Rg1 g6 20. Nf3 e4 21. Nxh4 Bxh4 22.
Rxg6 Ke7 23. Qb1 Bxe6 24. Rxe6+ Kf7 25. Qxe4 Rh6 26. Rxh6 1-0

[Event "Challenge"]
[Site "http://www.queenalice.com/game.php?id=738280"]
[Date "2010.2.27"]
[Round "-"]
[White "n90203"]
[Black "Wise_swc"]
[Result "0-1"]
[WhiteElo "1487"]
[BlackElo "1484"]

1. d4 d5 2. Nc3 a6 3. g3 b5 4. Bg2 Bb7 5. e4 Ra7 6. exd5 Nf6 7. Nf3 Nxd5 8. Ng5
Nxc3 9. bxc3 Bxg2 10. Rg1 h6 11. Rxg2 hxg5 12. Bxg5 Qd5 13. f3 Qxg5 14. f4 Qd5
15. Re2 g6 16. Kd2 Nc6 17. h4 Bg7 18. Qe1 Nxd4 19. Rxe7+ Kd8 20. Rxf7 Nb3+ 21.
Ke2 Re8+ 22. Kf1 Nxa1 0-1

[Event "Challenge"]
[Site "http://www.queenalice.com/game.php?id=740601"]
[Date "2010.3.3"]
[Round "-"]
[White "WANTLIFENOW"]
[Black "Wise_swc"]
[Result "1-0"]
[WhiteElo "1845"]
[BlackElo "1501"]

1. c4 c5 2. Nc3 a6 3. g3 Nf6 4. Bg2 Nc6 5. d3 e6 6. e3 b5 7. cxb5 axb5 8. Nxb5
Qa5+ 9. Nc3 Nd5 10. Bxd5 exd5 11. Bd2 Qb6 12. Nxd5 Qb7 13. b3 d6 14. Bc3 Be6 15.
Qf3 Rg8 16. Nf4 Qa6 17. Rc1 h6 18. Nge2 g5 19. Nxe6 fxe6 20. O-O O-O-O 21. b4
Ne5 22. Bxe5 dxe5 23. bxc5 Kd7 24. Qf7+ Be7 25. c6+ Kd6 26. c7 Rc8 27. d4 Rgf8
28. dxe5+ Kxe5 29. f4+ Kd5 30. Rfd1+ Ke4 31. Nc3+ Kxe3 32. Re1+ Kf3 33. Qh5+ g4
34. Rf1+ Ke3 35. Qe5+ Kd2 36. Rfd1# 1-0

[Event "ROSAS"]
[Site "http://www.queenalice.com/game.php?id=742733"]
[Date "2010.3.7"]
[Round "-"]
[White "perucona"]
[Black "Wise_swc"]
[Result "0-1"]
[WhiteElo "1631"]
[BlackElo "1477"]

1. e4 e5 2. d4 Nc6 3. d5 Nce7 4. Nf3 d6 5. Nc3 a6 6. Bg5 g6 7. Bxe7 Bxe7 8. Qe2
c5 9. O-O-O h5 10. g3 Bg5+ 11. Kb1 Nf6 12. Na4 Bg4 13. h3 Bxf3 14. Qxf3 O-O 15.
Rd3 b5 16. Nc3 c4 17. Rd1 Qc7 18. h4 Bh6 19. Rg1 b4 20. Na4 c3 21. Rd3 cxb2 22.
Kxb2 Rfc8 23. Qxf6 Qxc2+ 24. Ka1 Qc1# 0-1

[Event "R Challenge"]
[Site "http://www.queenalice.com/game.php?id=744773"]
[Date "2010.3.11"]
[Round "-"]
[White "RN"]
[Black "Wise_swc"]
[Result "1-0"]
[WhiteElo "1660"]
[BlackElo "1486"]

1. c4 d6 2. d4 e5 3. e4 g6 4. d5 h5 5. h4 Nf6 6. f3 c5 7. dxc6 bxc6 8. Nc3 Na6
9. Bg5 Be7 10. Qa4 Bb7 11. b4 Qb6 12. Bxf6 Bxf6 13. Nge2 O-O 14. Rb1 Qc7 15. Nc1
Be7 16. c5 d5 17. Bxa6 d4 18. Bxb7 Qxb7 19. N3e2 a5 20. Nd3 axb4 21. Qc2 f5 22.
Nxe5 fxe4 23. Nxd4 exf3 24. Qxg6+ Kh8 25. Qxh5+ Kg8 26. Ng6 fxg2 27. Qh8+ Kf7
28. Ne5+ Ke8 29. Qh5+ Kd8 30. Ndxc6+ Kc7 31. Rg1 Rxa2 32. Qg4 Rf1+ 33. Rxf1
gxf1=Q+ 34. Kxf1 Rd2 35. Rd1 Rxd1+ 36. Qxd1 Qxc6 37. Nxc6 Kxc6 38. Qa4+ Kxc5 39.
h5 Bf8 40. Kg2 Kc4 41. Qc6+ Kd3 42. Qf3+ Kc2 43. Qxf8 b3 44. h6 b2 45. Qc5+ Kb1
46. h7 Ka1 47. h8=Q 1-0

[Event "Challenge"]
[Site "http://www.queenalice.com/game.php?id=746047"]
[Date "2010.3.14"]
[Round "-"]
[White "mouderjr"]
[Black "Wise_swc"]
[Result "1-0"]
[WhiteElo "1587"]
[BlackElo "1486"]

1. d4 d5 2. c4 c6 3. Nf3 f6 4. Bf4 g5 5. Bg3 Na6 6. Nc3 h5 7. h4 g4 8. Nd2 Bh6
9. e3 dxc4 10. Qc2 b5 11. Qg6+ Kf8 12. a3 Bg7 13. O-O-O Rb8 14. Bxb8 Nxb8 15. g3
Nh6 16. Qb1 e5 17. dxe5 fxe5 18. Nxc4 bxc4 19. Rxd8+ 1-0

[Event "SWC Challenge"]
[Site "http://www.queenalice.com/game.php?id=866586"]
[Date "2010.12.2"]
[Round "-"]
[White "Chem_Eng_SWC"]
[Black "Wise_swc"]
[Result "1-0"]
[WhiteElo "1279"]
[BlackElo "1477"]

1. e4 e5 2. Bc4 a6 3. Qf3 f6 4. Qb3 Nh6 5. d3 b5 6. Bxh6 gxh6 7. Bf7+ Ke7 8. Nc3
Bb7 9. f4 c6 10. fxe5 fxe5 11. O-O-O Bg7 12. Nd5+ Kf8 13. Rf1 Qg5+ 14. Nf4 exf4
15. Nh3 Qxg2 16. Bh5 1-0